000 00692nam a2200253Ia 4500
003 OSt
005 20221005043948.0
006 a|||||r|||| 00| 0
007 ta
008 221004b |||||||| |||| 00| 0 eng d
020 _a3540673261
024 _a76820
037 _cTextual
040 _aCRL
_cCRL
_beng
041 _2eng
_aeng
082 _aM143, P1
100 _aKipphan Helmut Ed.
_9592040
245 0 _aHandbook of print media
_b Technologies and production methods
260 _aHeidelberg
_bSpringer Germany
_c2001
300 _a1207p
_ccm.
650 _aINDUSTRIAL ARTS
942 _hM143, P1
_cTEXL
_2cc
999 _c952651
_d952651